| 000 | 01191cam a22002891 4500 | ||
|---|---|---|---|
| 001 | l 50000078 | ||
| 003 | DLC | ||
| 005 | 20260227111542.0 | ||
| 008 | 821028s1949 dcu 000 0 eng c | ||
| 010 | _al 50000078 | ||
| 035 | _a(OCoLC)8902092 | ||
| 040 |
_aU.S. Dept. of Labor. Library _cOKentU _dDLC |
||
| 042 | _apremarc | ||
| 050 | 0 | 0 |
_aHD8051 _b.A62 no. 972 |
| 051 |
_aLB2833 _b.T37 Suppl. |
||
| 100 | 1 | _aTaylor, Cora E. | |
| 245 | 1 | 0 | _aEmployment outlook for elementary and secondary school teachers. |
| 260 |
_aWashington : _bU.S. Govt. Print. Off. _c[1949] |
||
| 300 |
_avi, 89 p. ; _c26 cm. |
||
| 410 | 1 | 0 |
_aUnited States. _bBureau of Labor Statistics. _tBulletin _vno. 972 |
| 440 | 0 | _aOccupational outlook series | |
| 500 | _a"Originally published as Veterans' Administration pamphlet 7-4.13." | ||
| 500 | _aAccompanied by : "Effect of defense program on employment situation in elementary and secondary school teaching." (14 p. : diagr. ; 26 cm.) published: Washington : [s.n.], 1951. Call number: LB2833 .T37 Suppl. | ||
| 650 | 0 |
_aTeachers _zUnited States. |
|
| 650 | 0 |
_aTeachers _xSalaries, etc. _zUnited States. |
|
| 650 | 0 |
_aOccupations _xDescription (Teaching)]. |
|
| 999 |
_c36690 _d36690 |
||